000 00533nam a22001937a 4500
003 koha_MIRAKIL
005 20231213100254.0
008 231213b |||||||| |||| 00| 0 ||| d
020 _b978-6-05-516946-6
040 _aTR-IsEVY
_btur
_cTR-IsEVY
082 _aFIC MCA/H
100 _aMcauley, Rowan.
245 0 _aHaydi kızlar
_bbaşkanlık yarışı
260 _bCaretta Yayıncılık ,
_c2014
300 _a91 s.
650 _aChildren's literature -- Fiction.
650 _aÇocuk edebiyatı -- Roman.
942 _2ddc
_cBK
999 _c17294
_d17294